O Barroco e o Mundo Ibero-Atlântico (Registo nº 622)

Detalhes MARC
000 -Etiqueta do registo
Cabeçalho 01197cam a2200373 4500
005 - Identificador da versão
Campo de controlo 20240813121808.0
095 ## -
-- PTBN00985395
010 ## - Número internacional normalizado dos livros (ISBN)
Número (ISBN) 9727720129
021 ## - Número do Depósito Legal
Código do país PT
Número 123511/98
035 ## - Other System Control Numbers
System Control Number 0000650
System Control Number 0000646
System Control Number 0000646
System Control Number 0000634
100 ## - Dados gerais de processamento
Dados gerais de processamento 19980504d1998 k y0pory5003 ba
102 ## - Pais de publicação ou produção
País de publicação Portugal
101 0# - Língua de publicação
Língua do texto, banda sonora, etc. Português
106 ## - Campo de dados codificados: material textual
Dados codificados do material textual r
105 ## - Campo de dados codificados: livros
Dados codificados dos livros a z 101yy
215 ## - Descrição física 
Indicação específica da natureza do documento e extensão da espécie 234, [1] p.
Outras indicações físicas il.
Dimensões 23 cm
200 1# - Titulo e menção de responsabilidade
Título próprio O Barroco e o Mundo Ibero-Atlântico
Primeira menção de responsabilidade Terceiras Jornadas de História Ibero-Americana
Outras menções de responsabilidade coord. Maria da Graça A. Mateus Ventura
-- [org. Instituto de Cultura Ibero-Atlântica]
225 2# - Colecção 
Título próprio da colecção Extra-colecção
205 ## - Menção da edição
Menção da edição [1ª ed.]
210 ## - Publicação, Distribuição, etc. 
Lugar da edição, distribuição, etc. Lisboa
Nome do editor, distribuidor, etc. Colibri
Data da publicação, distribuição, etc. 1998
675 ## - Classificação Decimal Universal (CDU)
Notação 946.9"1668/1750"
Edição BN
Língua da edição por
Notação 061.3
Edição BN
Língua da edição por
Edição BN
Língua da edição por
Notação 7.034(469)
Edição BN
Língua da edição por
Notação 82.015.12
Edição BN
Língua da edição por
702 #1 - Nome de autor-pessoa física (responsabilidade secundária)
Número de registo de entrada de autoridade 0000762
Palavra de ordem Ventura
Outra parte do nome não tomada para palavra de ordem Maria da Graça Mateus
Datas 1956-
Código de função Editor literário / Coordenador
710 #2 - Nome de colectividade-autor (responsabilidade principal)
Número de registo de entrada de autoridade 0000763
Palavra de ordem Jornadas de História Ibero-Americana
Número do grupo-eventual e/ou número de uma parte do grupo-eventual 3
Local do grupo-eventual Portimão
Data do grupo-eventual 1997
712 02 - Nome de colectividade-autor (responsabilidade secundária)
Número de registo de entrada de autoridade 0000764
Palavra de ordem Instituto de Cultura Ibero-Atlântica
Código de função Organizador de conferência
942 ## - Elementos de entrada adicionados (Koha)
Tipo de item no Koha Livro
Exemplares
Situação do levantamento Origin of item (home branch) (coded) Biblioteca de empréstimo Código de barras Circulation type (not for loan) Tipo de documento Nota do exemplar Damaged status
  Biblioteca Escolar Eng. Nuno Mergulhão Biblioteca Escolar Eng. Nuno Mergulhão BENM656   Livro Sem mensagem